Informačné stredisko NHF EU v Bratislave - rozvojový projekt 2006 tematická oblasť: Zlepšenie podmienok pre používanie informačných technológií (IT) na vysokých školách

Gespeichert in:
Bibliographische Detailangaben
1. Verfasser: Šóš, Ivan, 1977-
Körperschaft: Ekonomická univerzita v Bratislave. Národohospodárska fakulta
Weitere Verfasser: Novák, Martin, 1980-
Format: Buch
Sprache:Slowakisch
Veröffentlicht: Bratislava 2007
Schlagworte:
Tags: Tag hinzufügen
Keine Tags, Fügen Sie das erste Tag hinzu!

MARC

LEADER 00000nam$a2200000$$$4500
001 0055293
005 20240718075528.3
041 0 |a slo 
044 |a SK 
245 1 0 |a Informačné stredisko NHF EU v Bratislave - rozvojový projekt 2006  |b tematická oblasť: Zlepšenie podmienok pre používanie informačných technológií (IT) na vysokých školách  |c Ivan Šóš, Martin Novák 
264 1 |a Bratislava  |c 2007 
300 |a 9 s. 
610 2 0 |a informácie 
610 2 0 |a školy vysoké 
610 2 0 |a vyučovanie 
610 2 0 |a informácie strategické 
100 1 |a Šóš, Ivan, 1977- 
700 1 |a Novák, Martin, 1980- 
710 2 |a Ekonomická univerzita v Bratislave. Národohospodárska fakulta